000
00310nam a2200133Ia 4500
008
220216s9999 xx 000 0 und d
100
_a
Resmi Paul
245
0
_a
Nursery samrambhakante baalapaadangal
260
_b
Karshakan
_c
2011
300
_a
14-Nov
650
_a
Budding
650
_a
Rubber
942
_c
JS
999
_c
64236
_d
64236